President Franklin D. Roosevelt Collection (Record no. 2622)
[ view plain ]
| 000 -LEADER | |
|---|---|
| fixed length control field | 00310nam a22000977a 4500 |
| 008 - FIXED-LENGTH DATA ELEMENTS--GENERAL INFORMATION | |
| fixed length control field | 180210b xxu||||| |||| 00| 0 eng d |
| 100 ## - MAIN ENTRY--AUTHOR'S NAME | |
| Author's Name | Harmer, H. R. |
| 245 ## - TITLE STATEMENT | |
| Title | President Franklin D. Roosevelt Collection |
| Remainder of title | Catalogs & Prices Realized |
| 260 ## - PUBLICATION, DISTRIBUTION, ETC. (IMPRINT) | |
| Place of publication, distribution, etc. | New York |
| Name of publisher, distributor, etc. | H.R. Harmer, Inc |
| Date of publication, distribution, etc. | 1946 |
| 650 ## - TOPICAL TERM (Tag) | |
| Topical term or geographic name | Franklin D. Roosevelt |
| Withdrawn status | Lost status | Source of classification or shelving scheme | Damaged status | Koha normalized classification for sorting | Not for loan | Collection code | Permanent Location | Current Location | Shelving location | Date acquired | Total Checkouts | Full call number | Barcode | Date last seen | Copy number | Price effective from | Public note |
|---|---|---|---|---|---|---|---|---|---|---|---|---|---|---|---|---|---|
| G3201 C698 H287 | Northern Philatelic Library | Northern Philatelic Library | Closed Stacks | 02/10/2018 | G3201 C698 H287 | 1002901 | 02/10/2018 | 1 | 02/10/2018 | Auction catalog & Prices Realized |